Lectures on the epistle of Jude: (Record no. 6149)

000 -LEADER
fixed length control field 00616nam a2200181 a 4500
001 - CONTROL NUMBER
control field :::00003892$&:&@@
003 - CONTROL NUMBER IDENTIFIER
control field OkBaRHE
005 - DATE AND TIME OF LATEST TRANSACTION
control field 20000607103314.0
008 - FIXED-LENGTH DATA ELEMENTS--GENERAL INFORMATION
fixed length control field s1970 j 000 0 eng u
040 ## - CATALOGING SOURCE
Transcribing agency
100 1# - MAIN ENTRY--PERSONAL NAME
Personal name Kelly, William.
245 10 - TITLE STATEMENT
Title Lectures on the epistle of Jude:
Remainder of title (translated from a corrected text).
260 ## - PUBLICATION, DISTRIBUTION, ETC. (IMPRINT)
Place of publication, distribution, etc Sunbury, PA., :
Name of publisher, distributor, etc Believers Bookshelf
Date of publication, distribution, etc c1970
300 ## - PHYSICAL DESCRIPTION
Extent 175 p. ;
Dimensions 19 cm.
650 ## - SUBJECT ADDED ENTRY--TOPICAL TERM
Topical term or geographic name as entry element Bible New Testament Jude
General subdivision Criticism, Interpretation, etc.
942 ## - ADDED ENTRY ELEMENTS (KOHA)
Source of classification or shelving scheme
Koha item type Books
Copies
Damaged status Permanent Location Price effective from Lost status Full call number Not for loan Koha item type Date acquired Source of classification or shelving scheme Withdrawn status Date last seen Shelving location Barcode Copy number
 RHEMA Bible Training College2010-04-14 BS 2815 .K38 Books2010-04-14  2018-04-03General Stacks38921